000 00622nam a22002292 4500
999 _c7828
_d7828
001 7828
003 BD - JCC
005 20181003173855.0
008 750104s1957 xxk 000 0 eng d
035 _a(BD - JCC)7828
040 _aUKM
_cUKM
_dEQO
_dBD - JCC
041 _aeng
082 0 4 _a428.6
_218
_bSER 1957
100 1 _aSerraillier, Ian.
245 1 0 _aKaty at Home /
_cIan Serraillier, illustrated by Shirley Hughes.
260 _bHeinemann,
_c1957.
300 _a128 p. :
_bill. ;
_c20 cm.
490 1 _aWide horizon reading scheme, stage 1
600 _aSerraillier, Ian
942 _2ddc
_cBK